000 00833nam a22002055i 4500
001 154836
003 ES-MaACL
005 20230906205855.0
008 980922s1871 sp |||| | spa d
080 _a94(729.1)"1868/78"
100 1 _aGüell y Ferrer, Juan (
_d1800-1872)
_9127737
245 1 0 _aRebelión cubana /
_cpor Juan Güel y Ferrer.
260 _aBarcelona :
_b[s.n.],
_c1871 (
_fImp. de Narciso Ramírez y Compañía)
300 _a44 p. ;
_c27 cm.
651 4 _aCuba-
_xHistoria-
_y1868-1878, Guerra de los Diez Años.
_98103
852 4 _aES-MaACL
_jG-9953
_z- Enc. piel
852 4 _aES-MaACL
_jT-118-F-8
_z- Enc. hol.
_z- Enc. en un vol. facticio
852 4 _aES-MaACL
_jT-152-F-6
_z- Enc. hol.
_z- Enc. en un vol. facticio
852 4 _aES-MaACL
_jT-618-F-6
_z- Enc. hol.
_z- Enc. en un vol. facticio
999 _c154836
_d154836